Manchester United 2021/22 Season Goal Scorers By Match - Statistics

General Stats
  • This quiz has been taken 25 times
  • The average score is 50 of 70
Answer Stats
Competition Match Minute Player % Correct
Premier League 5-1 Win v Leeds 30 Bruno Fernandes
100%
Premier League 5-1 Win v Leeds 54 Bruno Fernandes
86%
Premier League 5-1 Win v Leeds 60 Bruno Fernandes
86%
Premier League 5-1 Win v Leeds 52 Mason Greenwood
86%
Premier League 4-1 Win v Newcastle 80 Bruno Fernandes
81%
Premier League 4-1 Win v Newcastle 45+2 Cristiano Ronaldo
81%
Premier League 4-1 Win v Newcastle 62 Cristiano Ronaldo
81%
Premier League 2-1 Win v West Ham 35 Cristiano Ronaldo
81%
Premier League 3-0 Win v Spurs 39 Cristiano Ronaldo
81%
Premier League 3-0 Win v Spurs 86 Marcus Rashford
81%
Champions League 1-1 Draw v Atletico Madrid 80 Anthony Elanga
76%
Premier League 1-1 Draw v Everton 43 Anthony Martial
76%
Premier League 3-2 Win v Arsenal 52 Cristiano Ronaldo
76%
Premier League 3-2 Win v Arsenal 70 (pen) Cristiano Ronaldo
76%
Premier League 1-0 Win v Norwich 75 (pen) Cristiano Ronaldo
76%
Premier League 3-2 Win v Spurs 12 Cristiano Ronaldo
76%
Premier League 3-2 Win v Spurs 38 Cristiano Ronaldo
76%
Premier League 3-2 Win v Spurs 81 Cristiano Ronaldo
76%
Premier League 3-2 Win v Norwich 7 Cristiano Ronaldo
76%
Premier League 3-2 Win v Norwich 32 Cristiano Ronaldo
76%
Premier League 3-2 Win v Norwich 76 Cristiano Ronaldo
76%
Premier League 1-1 Draw v Chelsea 62 Cristiano Ronaldo
76%
Premier League 3-0 Win v Brentford 61 (pen) Cristiano Ronaldo
76%
Champions League 1-2 Loss v Young Boys 13 Cristiano Ronaldo
76%
Champions League 3-2 Win v Atalanta 81 Cristiano Ronaldo
76%
Champions League 2-2 Draw v Atalanta 45+1 Cristiano Ronaldo
76%
Champions League 2-2 Draw v Atalanta 90+1 Cristiano Ronaldo
76%
Premier League 3-0 Win v Spurs 64 Edinson Cavani
76%
Premier League 2-4 Loss v Leicester 82 Marcus Rashford
76%
Premier League 1-1 Draw v Southampton 55 Mason Greenwood
76%
Premier League 1-0 Win v Wolves 80 Mason Greenwood
76%
Premier League 2-4 Loss v Leicester 19 Mason Greenwood
76%
Premier League 4-2 Win v Leeds 88 Anthony Elanga
71%
Premier League 3-2 Win v Arsenal 44 Bruno Fernandes
71%
Premier League 2-0 Win v Brighton 51 Cristiano Ronaldo
71%
Champions League 2-1 Win v Villarreal 90+5 Cristiano Ronaldo
71%
Champions League 2-0 Win v Villarreal 78 Cristiano Ronaldo
71%
Premier League 5-1 Win v Leeds 68 Fred
71%
Premier League 1-0 Win v Crystal Palace 77 Fred
71%
Champions League 3-2 Win v Atalanta 75 Harry Maguire
71%
Premier League 1-1 Draw v Chelsea 50 Jadon Sancho
71%
Premier League 4-1 Win v Newcastle 90+2 Jesse Lingard
71%
Premier League 2-1 Win v West Ham 89 Jesse Lingard
71%
Premier League 3-1 Win v Brentford 77 Marcus Rashford
71%
Premier League 1-0 Win v West Ham 90+3 Marcus Rashford
71%
Champions League 3-2 Win v Atalanta 53 Marcus Rashford
71%
Premier League 3-1 Win v Brentford 55 Anthony Elanga
67%
Premier League 2-2 Draw v Aston Villa 6 Bruno Fernandes
67%
Premier League 2-2 Draw v Aston Villa 67 Bruno Fernandes
67%
Premier League 2-0 Win v Brighton 90+7 Bruno Fernandes
67%
Premier League 4-2 Win v Leeds 45+5 Bruno Fernandes
67%
Premier League 3-1 Win v Burnley 35 Cristiano Ronaldo
67%
Premier League 1-3 Loss v Arsenal 34 Cristiano Ronaldo
67%
Premier League 1-4 Loss v Watford 50 Donny van de Beek
67%
Premier League 1-1 Draw v Newcastle 71 Edinson Cavani
67%
Premier League 1-1 Draw v Leicester 66 Fred
67%
Premier League 1-4 Loss v Man City 22 Jadon Sancho
67%
Champions League 2-0 Win v Villarreal 90 Jadon Sancho
67%
Champions League 1-1 Draw v Young Boys 9 Mason Greenwood
67%
Champions League 2-1 Win v Villarreal 60 Alex Telles
62%
Premier League 3-0 Win v Brentford 9 Bruno Fernandes
62%
Premier League 4-2 Win v Leeds 70 Fred
62%
Premier League 4-2 Win v Leeds 34 Harry Maguire
62%
Premier League 1-1 Draw v Southampton 21 Jadon Sancho
62%
Premier League 3-1 Win v Brentford 62 Mason Greenwood
62%
Premier League 3-0 Win v Brentford 72 Raphael Varane
62%
Premier League 1-1 Draw v Burnley 18 Paul Pogba
57%
Premier League 3-1 Win v Burnley 8 Scott McTominay
57%
FA Cup 1-0 Win v Aston Villa 8 Scott McTominay
57%
FA Cup 1-1 Draw (a.e.t.) v Middlesbrough 25 Jadon Sancho
52%
No matching quizzes found
Score Distribution
Percent of People with Each Score
Percentile by Number Answered
Your Score History
You have not taken this quiz